00576 2200241 4500001002100000005001700021020001800038035002500056040001200081082001200093084001800105100001200123245003500135250001100170260003100181300002100212500002600233650002400259850001200283990001300295990001300308990001300321YOGYA00000000003400820150708094404.0 a979-672-281-X a0010-081400000033726 aYOPDYOG a641.814 a641.814 Har M aHaryoto aMembuat Saus Pepayac/ Haryoto aCet. 1 aYogyakartabKanisiusc1998 a42 hlm.c; 15 cm aBibliografi : hlm. 40 aPepaya - Pengolahan aYOPDYOG a860-PK/B a859-PK/B a853-PK/B